000 00359 a2200109 4500
001 ART_19249
005 20260410161921.0
008 260409a
245 1 0 _a¿Descentralización o desjerarquización de las fuentes del derecho tributario?
100 1 _aJarach, Dino
773 0 _tLa información
_g- Tomo XL, Nº 598 (oct. 1979)
_wREV14902
999 _c27733
_d27733